[Event "Seville op 41st"]
[Site "Seville"]
[Date "2016.01.15"]
[Round "8.16"]
[White "Medina Carrasco, Santiago"]
[Black "Del Campo Gomez, Jose Luis"]
[Result "1/2-1/2"]
[WhiteElo "2165"]
[BlackElo "2065"]
[PlyCount "34"]
[EventDate "2016.01.08"]
[EventType "swiss"]
[EventRounds "9"]
[EventCountry "ESP"]
[SourceTitle "CBM 170 Extra"]
[Source "ChessBase"]
[SourceDate "2016.02.25"]
[SourceVersion "1"]
[SourceVersionDate "2016.02.25"]
[SourceQuality "1"]

1. Nf3 f5 2. d4 Nf6 3. g3 g6 4. Bg2 Bg7 5. 0-0 0-0 6. c3 e6 7. Nbd2 Nc6 8. Qc2 d5 9. Nb3 Ne4 10. Nfd2 Nxd2 11. Bxd2 e5 12. dxe5 Nxe5 13. Rad1 Re8 14. Rfe1 b6 15. Bg5 Qd7 16. Nd4 Bb7 17. Nf3 Qf7 1/2-1/2

[Event "Seville op 41st"]
[Site "Seville"]
[Date "2016.01.12"]
[Round "5"]
[White "Corbalan Gomez, Juan Jose"]
[Black "Del Campo Gomez, Jose Luis"]
[Result "0-1"]
[WhiteElo "2274"]
[BlackElo "2065"]
[PlyCount "56"]
[EventDate "2016.01.08"]
[EventType "swiss"]
[EventRounds "9"]
[EventCountry "ESP"]
[SourceTitle "CBM 170 Extra"]
[Source "ChessBase"]
[SourceDate "2016.02.25"]
[SourceVersion "1"]
[SourceVersionDate "2016.02.25"]
[SourceQuality "1"]

1. e4 e6 2. d4 d5 3. Nd2 c5 4. exd5 Qxd5 5. Ngf3 cxd4 6. Bc4 Qd6 7. 0-0 Nf6 8. Nb3 Nc6 9. Nbxd4 Nxd4 10. Nxd4 a6 11. Re1 Qc7 12. Bd3 Bd7 13. c3 Bd6 14. h3 0-0-0 15. a4 e5 16. Nf5 Bc5 17. Bg5 e4 18. Bxf6 Bxf5 19. Bxd8 Rxd8 20. Bxe4 Bxe4 21. Qe2 Bd5 22. Qg4+ Be6 23. Qxg7 Qf4 24. Re2 Rd5 25. Qxh7 Rg5 26. Rd1 Bd5 27. Qh8+ Kc7 28. Rxd5 Rxd5 0-1

[Event "Seville op 41st"]
[Site "Seville"]
[Date "2016.01.10"]
[Round "3"]
[White "Del Campo Gomez, Jose Luis"]
[Black "Ladron de Guevara Pinto, Paolo"]
[Result "1/2-1/2"]
[WhiteElo "2065"]
[BlackElo "2348"]
[PlyCount "70"]
[EventDate "2016.01.08"]
[EventType "swiss"]
[EventRounds "9"]
[EventCountry "ESP"]
[SourceTitle "CBM 170 Extra"]
[Source "ChessBase"]
[SourceDate "2016.02.25"]
[SourceVersion "1"]
[SourceVersionDate "2016.02.25"]
[SourceQuality "1"]

1. d4 Nf6 2. c4 g6 3. Nc3 Bg7 4. e4 d6 5. f4 c5 6. d5 0-0 7. Nf3 e6 8. Be2 exd5 9. exd5 Bf5 10. 0-0 Ne4 11. Nxe4 Bxe4 12. Ng5 Bf5 13. g4 Bc8 14. f5 Nd7 15. Qd3 Qf6 16. Qh3 h6 17. fxg6 Qxg6 18. Bd3 Bd4+ 19. Kh1 Qg7 20. Nh7 Nf6 21. Nxf6+ Bxf6 22. Bxh6 Qh8 23. Rxf6 Qxf6 24. Rf1 Qd4 25. Bxf8 Kxf8 26. Qh6+ Ke8 27. Qh7 Qxg4 28. Qxf7+ Kd8 29. Re1 Bd7 30. Qf8+ Kc7 31. Qxa8 Qf3+ 32. Kg1 Qg4+ 33. Kf2 Qf4+ 34. Kg1 Qg4+ 35. Kf2 Qf4+ 1/2-1/2

[Event "Seville op 36th"]
[Site "Seville"]
[Date "2011.01.11"]
[Round "5"]
[White "Pogorelov, Ruslan"]
[Black "Del Campo Gomez, Jose Luis"]
[Result "1-0"]
[WhiteElo "2427"]
[BlackElo "2141"]
[PlyCount "62"]
[EventDate "2011.01.07"]
[EventType "swiss"]
[EventRounds "9"]
[EventCountry "ESP"]
[SourceTitle "CBM 140 Extra"]
[Source "ChessBase"]
[SourceDate "2011.03.01"]
[SourceVersion "1"]
[SourceVersionDate "2011.03.01"]
[SourceQuality "1"]

1. Nf3 f5 2. d4 Nf6 3. g3 g6 4. c4 Bg7 5. Bg2 0-0 6. b4 d6 7. Bb2 c6 8. a4 e5 9. dxe5 Ng4 10. Qb3 Nxe5 11. c5+ Kh8 12. cxd6 Qxd6 13. Nxe5 Bxe5 14. 0-0 Be6 15. Qd3 Qc7 16. Bxe5+ Qxe5 17. Nd2 Na6 18. Nf3 Qf6 19. Qd4 Bd5 20. b5 Nc7 21. Rfc1 Ne6 22. Qxf6+ Rxf6 23. e3 Rd8 24. bxc6 Bxc6 25. a5 Be4 26. h4 Rff8 27. Ng5 Nxg5 28. hxg5 Bxg2 29. Kxg2 Rd2 30. Rc4 Kg7 31. Rh1 Rd5 1-0

[Event "Coria del Rio op 13th"]
[Site "Coria del Rio"]
[Date "2007.02.24"]
[Round "4"]
[White "Teran Alvarez, Ismael"]
[Black "Del Campo Gomez, Jose Luis"]
[Result "1/2-1/2"]
[WhiteElo "2417"]
[BlackElo "2084"]
[PlyCount "77"]
[EventDate "2007.02.20"]
[EventType "swiss"]
[EventRounds "9"]
[EventCountry "ESP"]
[SourceTitle "CBM 117 Extra"]
[Source "ChessBase"]
[SourceDate "2007.05.09"]
[SourceVersion "1"]
[SourceVersionDate "2007.05.09"]
[SourceQuality "1"]

1. e4 c5 2. Nf3 Nc6 3. d4 cxd4 4. Nxd4 Nf6 5. Nc3 e5 6. Ndb5 d6 7. Bg5 a6 8. Na3 b5 9. Nd5 Be7 10. Bxf6 Bxf6 11. c4 b4 12. Nc2 a5 13. g3 0-0 14. Bg2 Be6 15. 0-0 Bg5 16. Qd3 Rb8 17. b3 Qd7 18. Rad1 Bd8 19. Rd2 f6 20. Rfd1 Qf7 21. Nde3 Bc7 22. Nf5 Rfd8 23. Qe2 Qf8 24. Bh3 Bf7 25. Rd3 g6 26. Nfe3 Bb6 27. Qd2 Qe7 28. Rxd6 Nd4 29. Rxd8+ Rxd8 30. Nxd4 Rxd4 31. Qc2 Qc5 32. Kg2 Kf8 33. Rxd4 Qxd4 34. Bc8 Ke8 35. Bb7 Bc5 36. Qe2 Be6 37. Nd1 a4 38. Nb2 a3 39. Nd3 1/2-1/2

[Event "Seville op 31st"]
[Site "Seville"]
[Date "2006.01.14"]
[Round "8"]
[White "Salgado Lopez, Ivan"]
[Black "Del Campo Gomez, Jose Luis"]
[Result "1-0"]
[WhiteElo "2366"]
[BlackElo "2103"]
[PlyCount "109"]
[EventDate "2006.01.07"]
[EventType "swiss"]
[EventRounds "9"]
[EventCountry "ESP"]
[SourceTitle "CBM 110 Extra"]
[Source "ChessBase"]
[SourceDate "2006.03.10"]
[SourceVersion "2"]
[SourceVersionDate "2006.03.10"]
[SourceQuality "1"]

1. e4 c5 2. Nf3 Nc6 3. d4 cxd4 4. Nxd4 Nf6 5. Nc3 e5 6. Ndb5 d6 7. Bg5 a6 8. Na3 b5 9. Bxf6 gxf6 10. Nd5 f5 11. Bd3 Be6 12. 0-0 Bxd5 13. exd5 Ne7 14. c3 Bg7 15. Qh5 e4 16. Bc2 0-0 17. Rad1 Qc8 18. Bb3 f4 19. Nc2 Kh8 20. Nd4 Be5 21. Bc2 f5 22. Ne2 Rf6 23. f3 e3 24. Rfe1 Qg8 25. Qh4 Rc8 26. Kh1 Ng6 27. Qh3 Ne7 28. g3 Ng6 29. Bxf5 fxg3 30. f4 Nxf4 31. Nxf4 Rxf5 32. Qxf5 Rf8 33. Qe6 Bxf4 34. Qxg8+ Rxg8 35. hxg3 Rxg3 36. Rd4 Rh3+ 37. Kg2 Rg3+ 38. Kf1 Bg5 39. Re2 h6 40. Re4 Rf3+ 41. Kg2 Rf5 42. Rd4 Kg7 43. b3 Kf6 44. a4 Ke5 45. Rb4 Kxd5 46. axb5 a5 47. Ra4 Re5 48. Kf1 Kc5 49. Rea2 Bd8 50. Rd4 Bc7 51. Rc4+ Kb6 52. Rc6+ Kb7 53. c4 h5 54. Rg2 Re7 55. Ke2 1-0